Medzinárodný marketing

Gespeichert in:
Bibliographische Detailangaben
1. Verfasser: Dudinská, Elvíra
Körperschaft: Ekonomická univerzita v Bratislave. Podnikovohospodárska fakulta so sídlom v Košiciach
Weitere Verfasser: Ručinský, Rastislav, Šimegh, Peter
Format: Buch
Sprache:Slowakisch
Veröffentlicht: Bratislava Ekonomická univerzita v Bratislave 2004
Schlagworte:
Tags: Tag hinzufügen
Keine Tags, Fügen Sie das erste Tag hinzu!

MARC

LEADER 00000nam$a2200000$$$4500
001 0007116
005 20240502071351.7
020 |a 80-225-1799-2 
041 0 |a slo 
044 |a SK 
245 1 0 |a Medzinárodný marketing  |c Elvíra Dudinská, Rastislav Ručinský, Peter Šimegh 
264 1 |a Bratislava  |b Ekonomická univerzita v Bratislave  |c 2004 
300 |a 243 s. 
610 2 0 |a marketing medzinárodný 
610 2 0 |a kultúra 
610 2 0 |a špionáž priemyselná 
610 2 0 |a trh zahraničný 
610 2 0 |a Európska únia 
610 2 0 |a etika podnikateľská 
610 2 0 |a obstarávanie elektronické 
100 1 |a Dudinská, Elvíra 
700 1 |a Ručinský, Rastislav 
700 1 |a Šimegh, Peter 
710 2 |a Ekonomická univerzita v Bratislave. Podnikovohospodárska fakulta so sídlom v Košiciach